Fundamentals of reinforced concrete design / (Record no. 94308)

MARC details
000 -LEADER
fixed length control field 00840nam a22002297a 4500
005 - DATE AND TIME OF LATEST TRANSACTION
control field 20170515112128.0
010 ## - LCCN (DPL NO)
LC control number ENG-113294
020 ## - INTERNATIONAL STANDARD BOOK NUMBER
Terms of availability 395.00
International Standard Book Number 9788120330481
035 ## - SYSTEM CONTROL NUMBER
System control number EN-96826
035 ## - SYSTEM CONTROL NUMBER
System control number B-663836
037 ## - SOURCE OF ACQUISITION
Source of stock number/acquisition DBAD/PUB
037 ## - SOURCE OF ACQUISITION
Source of stock number/acquisition Bookwell
082 ## - DEWEY DECIMAL CLASSIFICATION NUMBER
Classification number 624.18341
100 ## - MAIN ENTRY--PERSONAL NAME
Personal name Gambhir, M.L.
245 ## - TITLE STATEMENT
Title Fundamentals of reinforced concrete design /
Statement of responsibility, etc by M.L. Gambhir
260 ## - PUBLICATION, DISTRIBUTION, ETC. (IMPRINT)
Place of publication, distribution, etc Delhi
Name of publisher, distributor, etc PHI Learning
Date of publication, distribution, etc 2015
270 ## - ADDRESS
Address Rimjhim House, 111, Patparganj Industrial Estate,
City Delhi
Postal code 110092
300 ## - PHYSICAL DESCRIPTION
Extent xvi,519p. :
Dimensions 25cm(pbk)
Other physical details ill.
500 ## - GENERAL NOTE
General note Includes index
942 ## - ADDED ENTRY ELEMENTS (KOHA)
Source of classification or shelving scheme Dewey Decimal Classification
Item type English Books
Call number suffix GAM
Classification part 624.18341
Holdings
Withdrawn status Lost status Not for loan Collection code Home library Current library Date acquired Source of acquisition Cost, normal purchase price Full call number Barcode Copy number Cost, replacement price Koha item type
      Non-fiction Ashok Vihar Ashok Vihar 15/05/2017 BPPD/EN/2013-14/AV/16-17/362/15.2.2017/1034/25.2.2017/ 1.3.2017 395.00 624.18341 GAM B-663836 1 395.00 English Books
    Not For Loan Non-fiction D.B.Act.Division D.B.Act.Division 16/06/2015 DBAD/PUB 395.00 624.18341 GAM EN-96826 1 395.00 English Books

© Delhi Public Library
Hit Counter
free hit counter